Statistics for Persona Main Characters Quiz

Click here to take the quiz!

General Stats

  • This quiz has been taken 33 times
  • The average score is 23 of 30

Answer Stats

OriginCharacter% Correct
Morgana
93%
P4Yu Narukami
90%
Ann Takamaki
86%
P3Makoto Yuki
86%
Aigis
83%
Futaba Sakura
83%
Goro Akechi
83%
Junpei Iori
83%
Koromaru
83%
Makoto Niijima
83%
Teddie
83%
Haru Okumura
79%
Ken Amada
79%
Mitsuru Kirijo
79%
Ryuji Sakamoto
79%
Yosuke Hanamura
79%
Akihiko Sanada
76%
Chie Satonaka
76%
Kanji Tatsumi
76%
Rise Kujikawa
76%
P5RSumire Yoshizawa
76%
Yukari Takeba
76%
Yukiko Amagi
76%
Naoto Shirogane
72%
P5Ren Amamiya
72%
Fuuka Yamagishi
69%
Yusuke Kitagawa
69%
P3 FESMetis
52%
Shinjiro Aragaki
52%
P3PKotone Shiomi
48%

Score Distribution

Percentile by Number Answered

Percent of People with Each Score

Your Score History

You have not taken this quiz